[Event "Zone 3.1 Championship 2013"]
[Site "Doha, Qatar"]
[Date "2013.05.05"]
[Round "2.1"]
[White "Al-Modiahki, Mohamad"]
[Black "Golizadeh, Asghar"]
[Result "1/2-1/2"]
[LiveChessVersion "1.4.1"]
[BlackElo "2486"]
[WhiteElo "2550"]

1. e4 {[%clk 1:25:47]} c5 {[%clk 1:30:49]} 2. Nf3 {[%clk 1:26:10]} d6
{[%clk 1:31:15]} 3. d4 {[%clk 1:26:22]} cxd4 {[%clk 1:31:39]} 4. Qxd4
{[%clk 1:26:48]} Nc6 {[%clk 1:30:55]} 5. Bb5 {[%clk 1:27:09]} Bd7
{[%clk 1:31:01]} 6. Qd3 {[%clk 1:27:25]} g6 {[%clk 1:27:30]} 7. O-O
{[%clk 1:26:34]} Bg7 {[%clk 1:27:36]} 8. c4 {[%clk 1:25:02]} Nf6 {[%clk 1:27:20]}
9. Nc3 {[%clk 1:24:03]} O-O {[%clk 1:22:42]} 10. h3 {[%clk 1:21:58]} a6
{[%clk 1:13:29]} 11. Bxc6 {[%clk 1:16:43]} Bxc6 {[%clk 1:13:15]} 12. Nd4
{[%clk 1:16:29]} Nd7 {[%clk 1:11:30]} 13. Nxc6 {[%clk 1:07:48]} bxc6
{[%clk 1:11:53]} 14. Be3 {[%clk 0:46:36]} Qa5 {[%clk 0:57:10]} 15. Bd2
{[%clk 0:37:18]} Rfb8 {[%clk 0:38:07]} 16. b3 {[%clk 0:32:16]} Nc5
{[%clk 0:29:33]} 17. Qc2 {[%clk 0:23:15]} Qa3 {[%clk 0:23:21]} 18. Bc1
{[%clk 0:17:37]} Qb4 {[%clk 0:23:49]} 19. Bd2 {[%clk 0:17:07]} Qa3
{[%clk 0:23:49]} 20. Bc1 {[%clk 0:16:48]} Qb4 {[%clk 0:24:12]} 21. Bd2
{[%clk 0:17:10]} Qa3 {[%clk 0:22:07]} 1/2-1/2

[Event "Zone 3.1 Championship 2013"]
[Site "Doha, Qatar"]
[Date "2013.05.05"]
[Round "2.2"]
[White "Nezad, Husein Aziz"]
[Black "Darini, Pouria"]
[Result "1/2-1/2"]
[LiveChessVersion "1.4.1"]
[BlackElo "2530"]
[WhiteElo "2410"]

1. d4 {[%clk 1:30:51]} Nf6 {[%clk 1:30:54]} 2. c4 {[%clk 1:31:03]} g6
{[%clk 1:31:17]} 3. Nc3 {[%clk 1:31:15]} Bg7 {[%clk 1:31:20]} 4. e4
{[%clk 1:31:05]} d6 {[%clk 1:31:46]} 5. Nf3 {[%clk 1:31:10]} O-O {[%clk 1:32:09]}
6. Be2 {[%clk 1:31:35]} e5 {[%clk 1:32:35]} 7. O-O {[%clk 1:31:25]} Nc6
{[%clk 1:33:03]} 8. d5 {[%clk 1:31:30]} Ne7 {[%clk 1:33:31]} 9. b4
{[%clk 1:31:12]} c6 {[%clk 1:32:33]} 10. a4 {[%clk 1:14:56]} a5 {[%clk 1:32:20]}
11. bxa5 {[%clk 1:10:55]} Qxa5 {[%clk 1:32:34]} 12. Bd2 {[%clk 1:10:03]} c5
{[%clk 1:32:44]} 13. Qc2 {[%clk 1:06:17]} Qd8 {[%clk 1:18:16]} 14. Rab1
{[%clk 0:59:39]} Ne8 {[%clk 1:12:25]} 15. Bd3 {[%clk 0:48:00]} h6
{[%clk 1:09:00]} 16. Qc1 {[%clk 0:45:05]} g5 {[%clk 0:54:18]} 17. Ne1
{[%clk 0:38:59]} f5 {[%clk 0:39:37]} 18. exf5 {[%clk 0:39:06]} Nxf5
{[%clk 0:40:06]} 19. Nc2 {[%clk 0:39:27]} Nd4 {[%clk 0:31:35]} 20. Qd1
{[%clk 0:35:58]} Nf6 {[%clk 0:31:40]} 21. Ne4 {[%clk 0:32:06]} Rf7
{[%clk 0:12:58]} 22. Nxd4 {[%clk 0:28:16]} exd4 {[%clk 0:12:59]} 23. Nxf6+
{[%clk 0:20:31]} Qxf6 {[%clk 0:10:51]} 24. f4 {[%clk 0:18:50]} g4
{[%clk 0:09:17]} 25. f5 {[%clk 0:17:42]} h5 {[%clk 0:08:26]} 26. h3
{[%clk 0:17:34]} Qh4 {[%clk 0:01:42]} 27. Be1 {[%clk 0:11:05]} Qg5
{[%clk 0:02:06]} 28. Bd2 {[%clk 0:11:07]} Qh4 {[%clk 0:02:34]} 29. Be1
{[%clk 0:09:55]} Qg5 {[%clk 0:02:59]} 30. Bd2 {[%clk 0:10:20]} Qh4
{[%clk 0:03:24]} 1/2-1/2

[Event "Zone 3.1 Championship 2013"]
[Site "Doha, Qatar"]
[Date "2013.05.05"]
[Round "2.3"]
[White "Al-Sayed, Mohammed"]
[Black "Khader, Sami"]
[Result "1-0"]
[LiveChessVersion "1.4.1"]
[BlackElo "2374"]
[WhiteElo "2502"]

1. d4 {[%clk 1:25:28]} Nf6 {[%clk 1:30:54]} 2. c4 {[%clk 1:25:48]} c5
{[%clk 1:31:19]} 3. d5 {[%clk 1:25:44]} e5 {[%clk 1:31:43]} 4. Nc3
{[%clk 1:25:44]} d6 {[%clk 1:32:07]} 5. e4 {[%clk 1:25:30]} Be7 {[%clk 1:32:32]}
6. Bd3 {[%clk 1:24:36]} Nbd7 {[%clk 1:32:25]} 7. Be3 {[%clk 1:19:40]} a6
{[%clk 1:28:08]} 8. h3 {[%clk 1:15:29]} Rb8 {[%clk 1:23:07]} 9. Nge2
{[%clk 1:11:37]} h5 {[%clk 1:04:12]} 10. O-O {[%clk 1:08:00]} h4 {[%clk 1:01:59]}
11. Rb1 {[%clk 0:35:54]} Nh5 {[%clk 0:55:34]} 12. b4 {[%clk 0:28:47]} g5
{[%clk 0:44:01]} 13. Nc1 {[%clk 0:18:18]} Nf4 {[%clk 0:39:18]} 14. bxc5
{[%clk 0:17:38]} dxc5 {[%clk 0:37:04]} 15. Be2 {[%clk 0:17:36]} Bd6
{[%clk 0:35:45]} 16. Bg4 {[%clk 0:17:04]} Nf6 {[%clk 0:34:17]} 17. Bxc8
{[%clk 0:16:54]} Qxc8 {[%clk 0:34:41]} 18. Bxf4 {[%clk 0:15:53]} gxf4
{[%clk 0:35:02]} 19. Nd3 {[%clk 0:14:41]} Rg8 {[%clk 0:33:08]} 20. Kh2
{[%clk 0:13:03]} Nd7 {[%clk 0:24:25]} 21. f3 {[%clk 0:10:07]} Qd8
{[%clk 0:17:52]} 22. Nf2 {[%clk 0:10:01]} Qa5 {[%clk 0:17:27]} 23. Qd3
{[%clk 0:08:30]} Rg6 {[%clk 0:08:54]} 24. Ng4 {[%clk 0:08:39]} Qc7
{[%clk 0:07:53]} 25. Rb2 {[%clk 0:08:37]} Kf8 {[%clk 0:06:08]} 26. Rfb1
{[%clk 0:08:55]} Kg7 {[%clk 0:04:51]} 27. Na4 {[%clk 0:07:46]} b6
{[%clk 0:05:01]} 28. Nc3 {[%clk 0:06:46]} Qd8 {[%clk 0:04:30]} 29. Qd1
{[%clk 0:07:06]} Qc8 {[%clk 0:01:29]} 30. Qa4 {[%clk 0:05:44]} Qb7
{[%clk 0:00:47]} 31. Ne2 {[%clk 0:04:44]} Qa7 {[%clk 0:01:04]} 32. Nc1
{[%clk 0:04:18]} Rc8 {[%clk 0:01:16]} 33. Nd3 {[%clk 0:04:21]} Qb7
{[%clk 0:01:18]} 34. Qa5 {[%clk 0:03:53]} Qa7 {[%clk 0:01:24]} 35. Rxb6
{[%clk 0:02:28]} Nxb6 {[%clk 0:01:43]} 36. Rxb6 {[%clk 0:02:55]} Ra8
{[%clk 0:00:34]} 37. Ndxe5 {[%clk 0:01:58]} Bxe5 {[%clk 0:00:38]} 38. Rxg6+
{[%clk 0:02:19]} fxg6 {[%clk 0:01:05]} 39. Nxe5 {[%clk 0:02:47]} Qe7
{[%clk 0:00:46]} 40. Qb6 {[%clk 0:01:25]} Re8 {[%clk 0:00:38]} 41. Qxg6+
{[%clk 0:01:31]} Kf8 {[%clk 0:00:51]} 42. Nc6 {[%clk 0:27:39]} Qc7
{[%clk 0:30:11]} 43. e5 {[%clk 0:25:27]} 1-0

[Event "Zone 3.1 Championship 2013"]
[Site "Doha, Qatar"]
[Date "2013.05.05"]
[Round "2.4"]
[White "Alhuwar, Jasem"]
[Black "Ghaem Maghami, Ehsan"]
[Result "0-1"]
[LiveChessVersion "1.4.1"]
[BlackElo "2568"]
[WhiteElo "2268"]

1. Nf3 {[%clk 1:20:25]} g6 {[%clk 1:26:44]} 2. c4 {[%clk 1:20:04]} Bg7
{[%clk 1:26:59]} 3. d4 {[%clk 1:20:13]} Nf6 {[%clk 1:19:12]} 4. Nc3
{[%clk 1:20:14]} d5 {[%clk 1:17:06]} 5. Bg5 {[%clk 1:16:08]} Ne4 {[%clk 1:12:20]}
6. Bh4 {[%clk 1:14:33]} Nxc3 {[%clk 1:05:41]} 7. bxc3 {[%clk 1:15:00]} dxc4
{[%clk 1:05:41]} 8. Qa4+ {[%clk 0:59:17]} Nd7 {[%clk 1:01:53]} 9. Qxc4
{[%clk 0:55:00]} Nb6 {[%clk 1:01:13]} 10. Qc5 {[%clk 0:50:49]} Qd6
{[%clk 0:41:23]} 11. Qa5 {[%clk 0:37:16]} Bg4 {[%clk 0:30:20]} 12. e3
{[%clk 0:35:08]} O-O {[%clk 0:28:29]} 13. Be2 {[%clk 0:34:58]} Rfe8
{[%clk 0:24:44]} 14. Bg3 {[%clk 0:29:52]} Qd5 {[%clk 0:25:00]} 15. Qxd5
{[%clk 0:29:15]} Nxd5 {[%clk 0:25:17]} 16. Rc1 {[%clk 0:25:12]} c5
{[%clk 0:22:09]} 17. h3 {[%clk 0:22:39]} Bf5 {[%clk 0:21:30]} 18. O-O
{[%clk 0:21:16]} Rac8 {[%clk 0:18:58]} 19. Bc4 {[%clk 0:13:45]} Nb6
{[%clk 0:13:45]} 20. Bb3 {[%clk 0:13:50]} Bd3 {[%clk 0:11:37]} 21. Rfe1
{[%clk 0:13:10]} Bc4 {[%clk 0:11:18]} 22. Nd2 {[%clk 0:13:07]} Bxb3
{[%clk 0:11:22]} 23. Nxb3 {[%clk 0:13:27]} Na4 {[%clk 0:11:31]} 24. c4
{[%clk 0:09:46]} cxd4 {[%clk 0:11:30]} 25. exd4 {[%clk 0:08:50]} Nb2
{[%clk 0:11:23]} 26. Rc2 {[%clk 0:02:32]} Nxc4 {[%clk 0:11:18]} 27. Rec1
{[%clk 0:02:27]} b5 {[%clk 0:10:42]} 28. a4 {[%clk 0:01:45]} bxa4
{[%clk 0:10:22]} 29. Na5 {[%clk 0:01:48]} Bh6 {[%clk 0:09:20]} 30. f4
{[%clk 0:02:02]} Nb6 {[%clk 0:06:34]} 31. Nc6 {[%clk 0:02:29]} Rc7
{[%clk 0:05:58]} 32. Rc5 {[%clk 0:01:42]} Rd7 {[%clk 0:05:48]} 33. Rb1
{[%clk 0:00:58]} e6 {[%clk 0:05:31]} 34. Ne5 {[%clk 0:00:35]} Rxd4
{[%clk 0:03:56]} 35. Rc7 {[%clk 0:00:53]} f6 {[%clk 0:01:49]} 36. Ng4
{[%clk 0:00:55]} Bg7 {[%clk 0:02:13]} 37. Rxa7 {[%clk 0:01:19]} Rd7
{[%clk 0:01:37]} 38. Ra6 {[%clk 0:00:57]} Nd5 {[%clk 0:02:06]} 39. Rc1
{[%clk 0:01:00]} h5 {[%clk 0:01:01]} 40. Nf2 {[%clk 0:00:53]} f5 {[%clk 0:01:25]}
41. Rxa4 {[%clk 0:00:55]} Nc3 {[%clk 0:01:49]} 0-1

[Event "Zone 3.1 Championship 2013"]
[Site "Doha, Qatar"]
[Date "2013.05.05"]
[Round "2.5"]
[White "Eid, Fadi"]
[Black "Ahmed, Ali Layth Ahmed"]
[Result "0-1"]
[LiveChessVersion "1.4.1"]
[BlackElo "2319"]
[WhiteElo "2364"]

1. e4 {[%clk 1:29:25]} c6 {[%clk 1:30:47]} 2. d3 {[%clk 1:27:36]} d5
{[%clk 1:24:07]} 3. Nd2 {[%clk 1:27:10]} e5 {[%clk 1:24:10]} 4. Ngf3
{[%clk 1:27:30]} Bd6 {[%clk 1:24:30]} 5. g3 {[%clk 1:20:58]} Nf6 {[%clk 1:24:07]}
6. Bg2 {[%clk 1:21:19]} O-O {[%clk 1:23:01]} 7. O-O {[%clk 1:21:41]} Nbd7
{[%clk 1:21:44]} 8. c3 {[%clk 1:05:32]} Re8 {[%clk 1:10:03]} 9. Qc2
{[%clk 1:01:13]} a5 {[%clk 1:05:29]} 10. c4 {[%clk 0:43:28]} dxe4
{[%clk 1:04:48]} 11. Nxe4 {[%clk 0:43:23]} Nxe4 {[%clk 1:04:41]} 12. dxe4
{[%clk 0:43:52]} Nc5 {[%clk 0:59:30]} 13. Be3 {[%clk 0:43:31]} Qc7
{[%clk 0:58:19]} 14. h3 {[%clk 0:43:09]} f6 {[%clk 0:55:22]} 15. b3
{[%clk 0:37:27]} b6 {[%clk 0:51:02]} 16. Rfd1 {[%clk 0:33:41]} Bf8
{[%clk 0:48:10]} 17. Ne1 {[%clk 0:29:01]} Ne6 {[%clk 0:44:42]} 18. Nd3
{[%clk 0:26:42]} c5 {[%clk 0:40:53]} 19. f4 {[%clk 0:24:35]} Bb7 {[%clk 0:38:51]}
20. Qf2 {[%clk 0:14:41]} Rad8 {[%clk 0:35:58]} 21. a3 {[%clk 0:10:15]} Nd4
{[%clk 0:35:27]} 22. Rab1 {[%clk 0:08:57]} Rd7 {[%clk 0:25:08]} 23. Nb2
{[%clk 0:04:44]} exf4 {[%clk 0:16:35]} 24. Bxf4 {[%clk 0:04:31]} Bd6
{[%clk 0:16:54]} 25. Na4 {[%clk 0:03:25]} Bxf4 {[%clk 0:14:56]} 26. gxf4
{[%clk 0:03:54]} Bxe4 {[%clk 0:13:01]} 27. Re1 {[%clk 0:02:23]} Rde7
{[%clk 0:12:57]} 28. Bxe4 {[%clk 0:01:19]} Rxe4 {[%clk 0:13:25]} 29. Rxe4
{[%clk 0:01:41]} Rxe4 {[%clk 0:13:52]} 30. Nc3 {[%clk 0:02:01]} Rxf4
{[%clk 0:13:08]} 31. Qe3 {[%clk 0:01:35]} Qe5 {[%clk 0:09:40]} 32. Qxe5
{[%clk 0:02:03]} fxe5 {[%clk 0:10:09]} 33. Nd5 {[%clk 0:02:32]} Rf3 34. b4 Rxa3
{[%clk 0:08:34]} 35. bxc5 {[%clk 0:02:59]} bxc5 {[%clk 0:08:34]} 36. Rb8+
{[%clk 0:03:20]} Kf7 37. Rb7+ Kg6 {[%clk 0:08:50]} 38. Rc7 {[%clk 0:03:01]} Rxh3
{[%clk 0:02:49]} 39. Rxc5 {[%clk 0:03:08]} a4 {[%clk 0:03:04]} 40. Nb6
{[%clk 0:01:01]} a3 {[%clk 0:02:15]} 41. Ra5 {[%clk 0:26:18]} Rb3
{[%clk 0:31:55]} 42. Nd7 {[%clk 0:26:00]} Rb1+ {[%clk 0:31:42]} 43. Kg2
{[%clk 0:26:17]} Rb2+ {[%clk 0:32:06]} 44. Kh3 {[%clk 0:26:36]} a2
{[%clk 0:29:53]} 45. Nxe5+ {[%clk 0:23:24]} Kf6 {[%clk 0:30:07]} 46. Ng4+
{[%clk 0:21:08]} Ke6 {[%clk 0:29:04]} 47. Ra6+ {[%clk 0:20:58]} Kf5
{[%clk 0:18:08]} 48. Ne3+ {[%clk 0:21:06]} Ke4 {[%clk 0:18:24]} 49. Nd5
{[%clk 0:21:13]} g5 {[%clk 0:12:47]} 50. Nc3+ {[%clk 0:16:26]} Kf4
{[%clk 0:10:28]} 51. Nd5+ {[%clk 0:12:41]} Ke5 {[%clk 0:09:43]} 52. Nc3
{[%clk 0:08:53]} Rb3 {[%clk 0:09:57]} 53. Kg4 {[%clk 0:08:45]} Rxc3
{[%clk 0:10:01]} 54. Rxa2 {[%clk 0:09:04]} Ne6 {[%clk 0:10:11]} 55. Ra4
{[%clk 0:06:38]} 0-1

[Event "Zone 3.1 Chess Championship 2013 (Men)"]
[Site "Crowne Plaza Hotel"]
[Date "2013.??.??"]
[Round "2.6"]
[White "Tamra, Attallah"]
[Black "Faraj, Yahya"]
[Result "1-0"]
[WhiteElo "2080"]
[BlackElo "2264"]
[PlyCount "91"]
[EventDate "2013.05.04"]

1. Nf3 d6 2. d4 f5 3. g3 Nf6 4. Bg2 g6 5. b3 Bg7 6. Bb2 O-O 7. O-O Qe8 8. c4
Nbd7 9. Nbd2 e5 10. dxe5 Nxe5 11. Qc2 Nc6 12. Rfe1 f4 13. gxf4 Nh5 14. Bxg7
Nxg7 15. e3 Bf5 16. Qc3 Qd7 17. Ng5 h6 18. Nge4 Bh3 19. Ng3 Bxg2 20. Kxg2 Nf5
21. Nf3 Nce7 22. Qd3 Qc6 23. Nxf5 Rxf5 24. Kg3 Rh5 25. e4 Rf8 26. Ng1 Qd7 27.
Qf3 Qe6 28. h3 Nc6 29. Qg4 Qf7 30. Nf3 Nd4 31. Rad1 Ne6 32. f5 Ng5 33. Nh4 gxf5
34. exf5 Kh7 35. Ng6 Rxh3+ 36. Kg2 Re8 37. f4 Rhe3 38. Rxe3 Rxe3 39. fxg5 Qe8
40. Kf2 Re4 41. Qh5 Kg8 42. Rd2 Qc6 43. gxh6 Qc5+ 44. Kf1 Qe3 45. h7+ Kf7 46.
Ne5+ 1-0

[Event "Zone 3.1 Championship 2013"]
[Site "Doha, Qatar"]
[Date "2013.05.05"]
[Round "2.7"]
[White "Dahdal, Lougain"]
[Black "Hejazipour, Mitra"]
[Result "0-1"]
[LiveChessVersion "1.4.1"]
[BlackElo "2236"]
[WhiteElo "1972"]

1. d4 {[%clk 1:30:37]} Nf6 {[%clk 1:30:29]} 2. c4 {[%clk 1:31:01]} e6
{[%clk 1:30:02]} 3. Nf3 {[%clk 1:31:25]} b6 {[%clk 1:30:07]} 4. a3
{[%clk 1:31:49]} Ba6 {[%clk 1:28:24]} 5. Qc2 {[%clk 1:32:01]} Bb7
{[%clk 1:28:19]} 6. Nc3 {[%clk 1:32:08]} c5 {[%clk 1:28:10]} 7. e4
{[%clk 1:31:49]} cxd4 {[%clk 1:28:04]} 8. Nxd4 {[%clk 1:32:14]} Bc5
{[%clk 1:28:01]} 9. Nb3 {[%clk 1:32:33]} Nc6 {[%clk 1:27:50]} 10. g3
{[%clk 1:29:56]} Nd4 {[%clk 1:04:17]} 11. Nxd4 {[%clk 1:29:54]} Bxd4
{[%clk 1:04:45]} 12. Bg2 {[%clk 1:20:06]} O-O {[%clk 1:03:48]} 13. Bd2
{[%clk 1:13:28]} a6 {[%clk 0:57:15]} 14. O-O {[%clk 1:13:15]} Qc7
{[%clk 0:51:52]} 15. Ne2 {[%clk 1:12:55]} Bc5 {[%clk 0:51:27]} 16. Bf4
{[%clk 1:08:07]} e5 {[%clk 0:46:21]} 17. Bg5 {[%clk 1:04:24]} Be7
{[%clk 0:45:41]} 18. Rac1 {[%clk 1:02:25]} Rac8 {[%clk 0:45:18]} 19. Qd3
{[%clk 0:59:08]} Rfd8 {[%clk 0:37:14]} 20. Rfd1 {[%clk 0:58:01]} h6
{[%clk 0:29:13]} 21. Bxf6 {[%clk 0:58:12]} Bxf6 {[%clk 0:29:38]} 22. b4
{[%clk 0:42:17]} Be7 {[%clk 0:26:03]} 23. Rc3 {[%clk 0:38:03]} a5
{[%clk 0:23:43]} 24. Rb1 {[%clk 0:31:58]} axb4 {[%clk 0:22:02]} 25. axb4
{[%clk 0:32:09]} Ba6 {[%clk 0:22:05]} 26. b5 {[%clk 0:29:46]} Bb7
{[%clk 0:22:30]} 27. Ra1 {[%clk 0:27:53]} Ra8 {[%clk 0:19:31]} 28. Rcc1
{[%clk 0:27:46]} Bc5 {[%clk 0:14:36]} 29. Nc3 {[%clk 0:25:38]} Bd4
{[%clk 0:12:05]} 30. Nd5 {[%clk 0:21:05]} Bxd5 {[%clk 0:12:05]} 0-1

[Event "Zone 3.1 Championship 2013"]
[Site "Doha, Qatar"]
[Date "2013.05.05"]
[Round "2.9"]
[White "Ghader Pour, Shayesteh"]
[Black "Al-Khelaifi, Aisha"]
[Result "1-0"]
[LiveChessVersion "1.4.1"]
[BlackElo "1681"]
[WhiteElo "2242"]

1. e4 {[%clk 1:30:52]} e5 {[%clk 1:30:50]} 2. Nc3 {[%clk 1:31:14]} Nf6
{[%clk 1:28:06]} 3. g3 {[%clk 1:31:38]} Nc6 {[%clk 1:27:21]} 4. Bg2
{[%clk 1:31:46]} Bc5 {[%clk 1:26:54]} 5. Nge2 {[%clk 1:29:19]} d6
{[%clk 1:25:14]} 6. O-O {[%clk 1:28:21]} Be6 {[%clk 1:21:50]} 7. Na4
{[%clk 1:24:52]} Bb6 {[%clk 1:20:53]} 8. Nxb6 {[%clk 1:25:08]} axb6
{[%clk 1:21:18]} 9. b3 {[%clk 1:19:23]} d5 {[%clk 1:15:29]} 10. exd5
{[%clk 1:19:29]} Bxd5 {[%clk 1:15:37]} 11. f3 {[%clk 1:12:26]} O-O
{[%clk 1:13:58]} 12. Bb2 {[%clk 1:05:18]} Qd6 {[%clk 1:11:12]} 13. c4
{[%clk 0:48:42]} Be6 {[%clk 1:10:28]} 14. d4 {[%clk 0:43:41]} exd4
{[%clk 1:08:15]} 15. Nxd4 {[%clk 0:41:34]} Rfd8 {[%clk 0:57:14]} 16. Nxc6
{[%clk 0:38:31]} Qxc6 {[%clk 0:55:59]} 17. Qe2 {[%clk 0:38:35]} Bf5
{[%clk 0:52:38]} 18. Rfd1 {[%clk 0:36:12]} Ne8 {[%clk 0:38:22]} 19. Bd4
{[%clk 0:30:41]} Qe6 {[%clk 0:31:17]} 20. Qxe6 {[%clk 0:27:43]} Bxe6
{[%clk 0:31:42]} 21. a4 {[%clk 0:28:07]} Nd6 {[%clk 0:29:47]} 22. Be5
{[%clk 0:26:13]} Ne8 {[%clk 0:28:10]} 23. h3 {[%clk 0:25:03]} f6 {[%clk 0:26:59]}
24. Bc3 {[%clk 0:25:12]} Nd6 {[%clk 0:26:49]} 25. f4 {[%clk 0:24:00]} Bf5
{[%clk 0:21:41]} 26. Rac1 {[%clk 0:18:12]} Be4 {[%clk 0:17:00]} 27. Rxd6
{[%clk 0:16:02]} Rxd6 {[%clk 0:16:34]} 28. Bxe4 {[%clk 0:16:26]} c6
{[%clk 0:16:49]} 29. Kf2 {[%clk 0:16:03]} Re8 {[%clk 0:17:04]} 30. Bc2
{[%clk 0:15:55]} h6 {[%clk 0:16:00]} 31. Bg6 {[%clk 0:14:55]} Red8
{[%clk 0:12:53]} 32. Bh5 {[%clk 0:14:44]} Rd3 {[%clk 0:10:50]} 33. Be2
{[%clk 0:15:03]} R3d6 {[%clk 0:10:58]} 34. b4 {[%clk 0:13:17]} Kf7 35. Rb1
{[%clk 0:12:49]} Ra8 {[%clk 0:09:47]} 36. a5 {[%clk 0:12:47]} bxa5
{[%clk 0:09:01]} 37. bxa5 {[%clk 0:13:14]} Rd7 {[%clk 0:09:15]} 38. Bg4
{[%clk 0:12:22]} Rc7 {[%clk 0:08:40]} 39. Rd1 {[%clk 0:11:36]} Re8
{[%clk 0:08:12]} 40. Bb4 {[%clk 0:09:46]} c5 {[%clk 0:06:00]} 41. Bc3
{[%clk 0:08:56]} Re4 {[%clk 0:05:58]} 42. Bf3 {[%clk 0:09:20]} Ree7
{[%clk 0:05:32]} 43. Rd6 {[%clk 0:09:13]} Red7 {[%clk 0:04:14]} 44. Bd5+
{[%clk 0:09:23]} Ke8 {[%clk 0:03:45]} 45. Rb6 {[%clk 0:09:39]} Kd8
{[%clk 0:03:25]} 46. Bd2 {[%clk 0:09:35]} Re7 {[%clk 0:02:12]} 47. Be3
{[%clk 0:09:44]} Kc8 {[%clk 0:02:16]} 48. Rb5 {[%clk 0:09:56]} Rcd7
{[%clk 0:01:14]} 49. Bxc5 {[%clk 0:09:57]} Re8 {[%clk 0:01:23]} 50. Rb6
{[%clk 0:09:32]} Rc7 {[%clk 0:30:37]} 51. Bd6 {[%clk 0:40:50]} Rd7
{[%clk 0:30:33]} 52. a6 {[%clk 0:41:11]} Rxd6 {[%clk 0:30:05]} 53. Rxd6
{[%clk 0:41:33]} bxa6 {[%clk 0:30:23]} 54. Rxa6 {[%clk 0:41:56]} Re7
{[%clk 0:30:41]} 55. Ra8+ {[%clk 0:42:18]} Kd7 {[%clk 0:30:55]} 56. Ra7+
{[%clk 0:42:43]} 1-0

[Event "Zone 3.1 Championship 2013"]
[Site "Doha, Qatar"]
[Date "2013.05.05"]
[Round "2.10"]
[White "Saleh, Nora Mohd"]
[Black "Jalloul, Maya M."]
[Result "1-0"]
[LiveChessVersion "1.4.1"]
[BlackElo "1962"]
[WhiteElo "1892"]

1. d4 {[%clk 1:30:56]} Nf6 {[%clk 1:30:56]} 2. c4 {[%clk 1:31:12]} g6
{[%clk 1:31:08]} 3. Nc3 {[%clk 1:31:23]} Bg7 {[%clk 1:31:33]} 4. Nf3
{[%clk 1:31:47]} d6 {[%clk 1:30:55]} 5. Bf4 {[%clk 1:32:08]} O-O {[%clk 1:29:25]}
6. e3 {[%clk 1:32:22]} Nbd7 {[%clk 1:24:35]} 7. Be2 {[%clk 1:31:51]} b6
{[%clk 1:23:49]} 8. O-O {[%clk 1:30:45]} Bb7 {[%clk 1:24:07]} 9. h3
{[%clk 1:23:43]} Ne4 {[%clk 1:21:35]} 10. Nxe4 {[%clk 1:18:55]} Bxe4
{[%clk 1:21:58]} 11. Nd2 {[%clk 1:18:39]} Bb7 {[%clk 1:21:28]} 12. Bh2
{[%clk 1:13:58]} e5 {[%clk 1:17:58]} 13. Bf3 {[%clk 1:07:13]} Qc8
{[%clk 1:15:14]} 14. Bxb7 {[%clk 1:05:16]} Qxb7 {[%clk 1:15:34]} 15. Nf3
{[%clk 0:59:45]} e4 {[%clk 1:08:28]} 16. Nd2 {[%clk 0:54:26]} Rae8
{[%clk 1:06:07]} 17. Qc2 {[%clk 0:52:57]} f5 {[%clk 0:58:54]} 18. Rab1
{[%clk 0:50:54]} g5 {[%clk 0:51:30]} 19. b4 {[%clk 0:49:30]} Kh8 {[%clk 0:41:32]}
20. c5 {[%clk 0:47:49]} dxc5 {[%clk 0:30:49]} 21. bxc5 {[%clk 0:46:41]} Qc6
{[%clk 0:29:20]} 22. Rfc1 {[%clk 0:46:05]} bxc5 {[%clk 0:26:38]} 23. Nb3
{[%clk 0:45:33]} Qd5 {[%clk 0:17:11]} 24. Nxc5 {[%clk 0:44:47]} Nxc5
{[%clk 0:16:17]} 25. Qxc5 {[%clk 0:44:35]} Qxa2 {[%clk 0:14:22]} 26. Ra1
{[%clk 0:38:58]} Qd2 {[%clk 0:08:37]} 27. Bxc7 {[%clk 0:23:33]} Ra8
{[%clk 0:06:42]} 28. Be5 {[%clk 0:23:27]} Bxe5 {[%clk 0:05:24]} 29. Qxe5+
{[%clk 0:23:54]} Kg8 {[%clk 0:05:41]} 30. Rc7 {[%clk 0:23:52]} Rf7
{[%clk 0:04:58]} 31. Rxf7 {[%clk 0:24:20]} Kxf7 {[%clk 0:05:23]} 32. Qd5+
{[%clk 0:24:43]} 1-0